Statistics for All Everton Managers Ever

Click here to take the quiz!

General Stats

  • This quiz has been taken 10 times
    (7 since last reset)
  • The average score is 9 of 25

Answer Stats

YearsManager% Correct
2002-2013David Moyes
100%
2019—Carlo Ancelotti
100%
2013-2016Roberto Martínez
80%
1998-2002Walter Smith
80%
2018-2019Marco Silva
60%
2017-2018Sam Allardyce
60%
1994-1997Joe Royle
60%
1981-1987 | 1990-1993 | 1997-1998Howard Kendall
60%
1987-1990Colin Harvey
40%
2016-2017Ronald Koeman
40%
1961-1973Harry Catterick
40%
1973-1977Billy Bingham
20%
1994Mike Walker
0%
1888-1889William Edward Barclay
0%
1889-1901Dick Molyneux
0%
1958-1961Johnny Carey
0%
1956-1958Ian Buchan
0%
1948-1956Cliff Britton
0%
1939-1948Theo Kelly
0%
1919-1935Thomas H. McIntosh
0%
1918-1919W.J. Sawyer
0%
1901-1918Will Cuff
0%
1977-1981Gordon Lee
0%

Score Distribution

Percentile by Number Answered

Percent of People with Each Score

Your Score History

You have not taken this quiz since the last reset